| 000 | 00909nam a2200241 a 4500 | ||
|---|---|---|---|
| 001 | 40410 | ||
| 003 | BD-RjUL | ||
| 005 | 20211209053215.0 | ||
| 008 | 160430s1997 bg a|||| |||| 00| 0 ben d | ||
| 020 |
_a9844640415 _c: Tk. 150.00 |
||
| 035 | _a(BD-RjUL)40525 | ||
| 040 |
_aBD-RjUL _bben _cBD-RjUL |
||
| 041 | _aben | ||
| 082 |
_223 _a004 _bALI 1997 |
||
| 100 |
_aআলম, ফজলুল _9124482 |
||
| 245 | 1 | 0 |
_aইনফরমেশন টেকনোলজি এবং সিস্টেম এনালিসিস / _cফজলুল আলম |
| 260 |
_aঢাকা : _bঅঙ্কুর প্রকাশনী, _c১৯৯৭ |
||
| 300 |
_a১৩৪ পৃ. : _bচিত্র ; _c১৯ সেমি. |
||
| 500 | _aপরিশিষ্ট সংযুক্ত | ||
| 650 |
_aতথ্য প্রযুক্তি _9124483 |
||
| 650 |
_aInformation Technology _9118865 |
||
| 942 |
_2ddc _cBK |
||
| 999 |
_c40410 _d40410 |
||